Loki (2021 Series) Characters - Statistics

General Stats
  • This quiz has been taken 293 times
    258 since last reset
  • The average score is 14 of 20
Answer Stats
Actor Character % Correct
Tom Hiddleston Loki
99%
Richard E. Grant Loki
99%
Sophie Di Martino Sylvie
92%
Robert Downey Jr. Tony Stark
92%
Scarlett Johansson Natasha Romanoff
90%
Chris Evans Steve Rogers
90%
Chris Hemsworth Thor
90%
Mark Ruffalo Bruce Banner
89%
Jeremy Renner Clint Barton
86%
Owen Wilson Mobius
85%
Josh Brolin Thanos
68%
Tesse Thompson Valkyrie
61%
Anthony Hopkins Odin
54%
Gugu Mbatha-Raw Ravonna Renslayer
49%
Tara Strong Miss Minutes
46%
Wunmi Mosaku Hunter B-15
42%
Clark Gregg Phil Coulson
42%
Rene Russo Frigga
40%
Jaime Alexander Sif
40%
Sasha Lane Hunter C-20
29%
No matching quizzes found
Score Distribution
Percent of People with Each Score
Percentile by Number Answered
Your Score History
You have not taken this quiz since the last reset